[Event "AZE-ch Prelim 78th"]
[Site "Baku"]
[Date "2024.04.16"]
[Round "6"]
[White "Suleymanli, Aydin Elshan"]
[Black "Iskandarov, Misratdin"]
[Result "1-0"]
[WhiteElo "2607"]
[BlackElo "2538"]
[PlyCount "87"]
[EventDate "2024.04.11"]
[EventType "swiss"]
[EventRounds "9"]
[EventCountry "AZE"]
[SourceTitle "CB17_2024"]
[SourceDate "2024.04.24"]
[SourceVersion "1"]
[SourceVersionDate "2024.04.24"]
[SourceQuality "1"]

1. e4 e5 2. Nf3 Nc6 3. Bb5 a6 4. Ba4 Nf6 5. 0-0 Be7 6. d3 b5 7. Bb3 d6 8. a3 0-0 9. Nc3 Na5 10. Ba2 c5 11. Nd5 Nc6 12. c3 h6 13. h3 Be6 14. Nxf6+ Bxf6 15. Bxe6 fxe6 16. b4 Rc8 17. Be3 c4 18. dxc4 bxc4 19. Qa4 Nb8 20. Rfd1 Qc7 21. Ra2 Be7 22. Rad2 Nd7 23. Rxd6 Bxd6 24. Qxa6 Nf6 25. Rxd6 Nxe4 26. Rxe6 Ra8 27. Rc6 Rxa6 28. Rxc7 Nxc3 29. Rxc4 Rxa3 30. Nxe5 Nd5 31. Bc5 Rf4 32. Rc1 Nxb4 33. Ng6 Re4 34. f3 Re6 35. Bxb4 Ra4 36. Rc8+ Kf7 37. Nh8+ Kf6 38. Bc3+ Kg5 39. Bxg7 Ra2 40. Kh2 Kf4 41. Rc3 h5 42. Bd4 Ree2 43. Ng6+ Kg5 44. Nh4 1-0

[Event "AZE-ch Prelim 78th"]
[Site "Baku"]
[Date "2024.04.13"]
[Round "3"]
[White "Talibov, Shiroghlan"]
[Black "Iskandarov, Misratdin"]
[Result "0-1"]
[WhiteElo "2373"]
[BlackElo "2538"]
[PlyCount "68"]
[EventDate "2024.04.11"]
[EventType "swiss"]
[EventRounds "9"]
[EventCountry "AZE"]
[SourceTitle "CB17_2024"]
[SourceDate "2024.04.24"]
[SourceVersion "1"]
[SourceVersionDate "2024.04.24"]
[SourceQuality "1"]

1. e4 c5 2. Nf3 d6 3. d4 cxd4 4. Nxd4 Nf6 5. Nc3 Bd7 6. Bg5 e6 7. Qd2 h6 8. Bxf6 Qxf6 9. 0-0-0 a6 10. f4 Nc6 11. Nf3 Qd8 12. g4 b5 13. Kb1 Qb6 14. Ne2 Qf2 15. Ne1 Be7 16. h4 Qb6 17. Nf3 Na5 18. Ned4 Nc4 19. Bxc4 bxc4 20. c3 Rb8 21. Rh2 h5 22. gxh5 Rxh5 23. Ng5 g6 24. Qe2 e5 25. fxe5 dxe5 26. Nf5 Bxg5 27. Ng7+ Ke7 28. Nxh5 Bh6 29. Ng3 Bf4 30. Qf3 Ba4 31. Rf1 Rd8 32. Ne2 Rd2 33. b4 cxb3 34. a3 b2 0-1

[Event "Baku Jafarov Memorial"]
[Site "Baku"]
[Date "2024.01.07"]
[Round "6"]
[White "Shanava, Konstantine"]
[Black "Iskandarov, Misratdin"]
[Result "1/2-1/2"]
[WhiteElo "2459"]
[BlackElo "2553"]
[PlyCount "106"]
[EventDate "2024.01.04"]
[EventType "tourn"]
[EventRounds "9"]
[EventCountry "AZE"]
[EventCategory "6"]
[SourceTitle "CB02_2024"]
[SourceDate "2024.01.10"]
[SourceVersion "1"]
[SourceVersionDate "2024.01.10"]
[SourceQuality "1"]

1. c4 e5 2. g3 Nc6 3. Bg2 g6 4. Nc3 Bg7 5. d3 d6 6. Nf3 Nf6 7. 0-0 0-0 8. Bg5 h6 9. Bxf6 Bxf6 10. Rb1 a5 11. a3 Bg7 12. b4 axb4 13. axb4 Bg4 14. b5 Nd4 15. e3 Ra3 16. Nd5 Ne6 17. h3 Bxf3 18. Bxf3 Nc5 19. Nb4 Qf6 20. Bg2 Rfa8 21. Na6 bxa6 22. Bxa8 axb5 23. Qf3 Qxf3 24. Bxf3 e4 25. d4 exf3 26. dxc5 bxc4 27. Rb8+ Kh7 28. Rb7 c3 29. Rxc7 dxc5 30. Rxc5 Ra2 31. g4 Rd2 32. Rc1 Bf6 33. R5xc3 Bxc3 34. Rxc3 Ra2 35. Rc4 g5 36. Rc5 Kg6 37. Rf5 h5 38. Rxf3 hxg4 39. hxg4 Ra4 40. Rg3 Rb4 41. Kg2 Ra4 42. Kf3 Ra1 43. Rh3 Kg7 44. Rh5 f6 45. Kg2 Ra4 46. f3 Ra2+ 47. Kg3 Re2 48. e4 Kf7 49. Rh2 Re3 50. Ra2 Ke6 51. Ra6+ Ke5 52. Ra5+ Ke6 53. Rf5 Re2 1/2-1/2

[Event "Baku Jafarov Memorial"]
[Site "Baku"]
[Date "2024.01.06"]
[Round "4"]
[White "Rasulov, Vugar Ural Oglu"]
[Black "Iskandarov, Misratdin"]
[Result "1/2-1/2"]
[WhiteElo "2536"]
[BlackElo "2553"]
[PlyCount "29"]
[EventDate "2024.01.04"]
[EventType "tourn"]
[EventRounds "9"]
[EventCountry "AZE"]
[EventCategory "6"]
[SourceTitle "CB02_2024"]
[SourceDate "2024.01.10"]
[SourceVersion "1"]
[SourceVersionDate "2024.01.10"]
[SourceQuality "1"]

1. e4 e5 2. Nf3 Nc6 3. Bb5 a6 4. Bxc6 dxc6 5. 0-0 Bg4 6. h3 h5 7. c3 Qd3 8. hxg4 hxg4 9. Nxe5 Bd6 10. Nxd3 Bh2+ 11. Kh1 Bd6+ 12. Kg1 Bh2+ 13. Kh1 Bd6+ 14. Kg1 Bh2+ 15. Kh1 1/2-1/2

[Event "Mersin op 7th"]
[Site "Mersin"]
[Date "2023.11.17"]
[Round "8"]
[White "Gleizerov, Evgeny"]
[Black "Iskandarov, Misratdin"]
[Result "0-1"]
[WhiteElo "2382"]
[BlackElo "2555"]
[PlyCount "84"]
[EventDate "2023.11.12"]
[EventType "swiss"]
[EventRounds "9"]
[EventCountry "TUR"]
[SourceTitle "CB47_2023"]
[SourceDate "2023.11.22"]
[SourceVersion "1"]
[SourceVersionDate "2023.11.22"]
[SourceQuality "1"]

1. d4 Nf6 2. c4 e6 3. g3 c5 4. d5 exd5 5. cxd5 d6 6. Nc3 g6 7. Nf3 Bg7 8. Bg2 0-0 9. 0-0 Re8 10. Bf4 Na6 11. Re1 Bg4 12. h3 Bxf3 13. Bxf3 Nd7 14. e4 Ne5 15. Be2 Nc7 16. Kg2 Rb8 17. a4 a6 18. Rb1 b5 19. axb5 axb5 20. b4 Nc4 21. Qc1 Bxc3 22. Qxc3 Rxe4 23. Bh6 Ne5 24. bxc5 Nxd5 25. Qc2 Rd4 26. Rxb5 Nb4 27. Qc3 Rxb5 28. Bxb5 Qa8+ 29. c6 Nbxc6 30. Bxc6 Nxc6 31. f3 f6 32. h4 Qa2+ 33. Kh3 Qd5 34. Rc1 Ne7 35. Qc7 Kf7 36. Re1 Rxh4+ 37. Kg2 Qa2+ 38. Kg1 Qh2+ 39. Kf1 Qh1+ 40. Ke2 Rh2+ 41. Kd1 Qxf3+ 42. Kc1 Qa3+ 0-1

[Event "Mersin op 7th"]
[Site "Mersin"]
[Date "2023.11.13"]
[Round "3"]
[White "Akhvlediani, Irakli"]
[Black "Iskandarov, Misratdin"]
[Result "1/2-1/2"]
[WhiteElo "2366"]
[BlackElo "2555"]
[PlyCount "145"]
[EventDate "2023.11.12"]
[EventType "swiss"]
[EventRounds "9"]
[EventCountry "TUR"]
[SourceTitle "CB47_2023"]
[SourceDate "2023.11.22"]
[SourceVersion "1"]
[SourceVersionDate "2023.11.22"]
[SourceQuality "1"]

1. d4 Nf6 2. c4 e6 3. g3 Bb4+ 4. Bd2 Qe7 5. Nf3 Nc6 6. Nc3 Bxc3 7. Bxc3 Ne4 8. Rc1 0-0 9. Bg2 d6 10. d5 Nb8 11. dxe6 Bxe6 12. Nd4 Bd7 13. Qb3 b6 14. Qc2 Re8 15. 0-0 c5 16. Bxe4 Qxe4 17. Qxe4 Rxe4 18. Nc2 Rxe2 19. Ne3 Nc6 20. Rfd1 Nd4 21. Bxd4 cxd4 22. Rc2 Rxc2 23. Nxc2 Re8 24. Nxd4 Kf8 25. f3 Re5 26. b3 Ke7 27. Kf2 d5 28. cxd5 Rxd5 29. Ke3 Rc5 30. h4 h5 31. Rd2 Rc1 32. Ne2 Rf1 33. Rc2 g6 34. Rc1 Rxc1 35. Nxc1 Kd6 36. Kd4 Bc6 37. f4 Bb5 38. a4 Bd7 39. Nd3 Be6 40. b4 Bb3 41. Nb2 Ke6 42. Kc3 Bd5 43. Kd4 Bb3 44. Kc3 Ba2 45. Kd4 Kf5 46. Ke3 Bb3 47. a5 bxa5 48. bxa5 Ke6 49. Kd4 Kd6 50. Kc3 Be6 51. Kb4 a6 52. Nd3 Kd5 53. Kc3 Bc8 54. Ne5 Be6 55. Nd3 Bc8 56. Ne5 Bf5 57. Nxf7 Ke4 58. Ne5 Ke3 59. Nc6 Kf3 60. Kd4 Kxg3 61. Ke3 Kxh4 62. Kf3 Kh3 63. Ne5 Bc2 64. Kf2 Kh4 65. Kf3 g5 66. fxg5 Kxg5 67. Nc6 Bf5 68. Nb4 Bc8 69. Kg3 h4+ 70. Kh2 Kf4 71. Nd3+ Ke4 72. Nc5+ Kd5 73. Nxa6 1/2-1/2

[Event "FIDE World Cup"]
[Site "Baku"]
[Date "2023.07.31"]
[Round "1.2"]
[White "Iskandarov, Misratdin"]
[Black "Cheng, Bobby Sky"]
[Result "0-1"]
[WhiteElo "2551"]
[BlackElo "2572"]
[PlyCount "154"]
[EventDate "2023.07.30"]
[EventType "k.o."]
[EventRounds "8"]
[EventCountry "AZE"]
[SourceTitle "EXT 2024"]
[Source "ChessBase"]
[SourceDate "2023.10.10"]
[SourceVersion "1"]
[SourceVersionDate "2023.10.10"]
[SourceQuality "1"]

1. e4 e6 2. d4 d5 3. exd5 exd5 4. Nf3 Bd6 5. Bd3 Ne7 6. 0-0 Nbc6 7. c3 0-0 8. Re1 Bf5 9. Bg5 f6 10. Bh4 g5 11. Bg3 Kg7 12. Bxd6 Qxd6 13. Bxf5 Nxf5 14. Na3 Nce7 15. Qb3 c6 16. Nc2 Qd7 17. Ne3 Nd6 18. Qc2 Ng6 19. Nd2 f5 20. Nef1 Rae8 21. Rad1 f4 22. Nf3 Ne4 23. N1d2 Qf5 24. Ne5 Nxe5 25. dxe5 Nc5 26. Qxf5 Rxf5 27. c4 Nd3 28. Rf1 Nxe5 29. cxd5 cxd5 30. Nb3 Nc6 31. Rd2 Rfe5 32. f3 Kf7 33. Rfd1 Re1+ 34. Kf2 R8e2+ 35. Rxe2 Rxd1 36. Rc2 Ke7 37. Ke2 Rg1 38. Kf2 Rd1 39. Ke2 Rh1 40. h3 Kd6 41. Rd2 Rg1 42. Kf2 Rb1 43. Ke2 a6 44. a3 Ne5 45. Rc2 Rg1 46. Kf2 Rb1 47. Ke2 Nc4 48. Nd2 Rg1 49. Nxc4+ dxc4 50. Kf2 Rb1 51. Rxc4 Rxb2+ 52. Kg1 b5 53. Rd4+ Kc5 54. Re4 Ra2 55. Re5+ Kc4 56. Rxg5 Rxa3 57. Rf5 b4 58. Rxf4+ Kc3 59. Rf6 b3 60. Rc6+ Kd3 61. Rb6 a5 62. f4 Ke4 63. Kf2 Kxf4 64. Ke2 a4 65. Kd2 Ra2+ 66. Kc1 Kg3 67. Kb1 Rxg2 68. Rb4 Ra2 69. Rb5 Kh4 70. Rb7 h5 71. Rb5 Rg2 72. Ra5 Rg5 73. Rxa4+ Kxh3 74. Rb4 Rg3 75. Kc1 Rd3 76. Rb8 h4 77. Rg8 Kh2 0-1

[Event "Julius Baer Play In"]
[Site "Chess.com INT"]
[Date "2023.07.24"]
[Round "1.55"]
[White "Theodorou, Nikolas"]
[Black "Iskandarov, Misratdin"]
[Result "1-0"]
[WhiteElo "2586"]
[BlackElo "2551"]
[PlyCount "127"]
[EventDate "2023.07.24"]
[EventType "swiss (rapid)"]
[EventRounds "9"]
[EventCountry "GER"]
[SourceTitle "CBM 215 Extra"]
[Source "ChessBase"]
[SourceDate "2023.09.30"]
[SourceVersion "1"]
[SourceVersionDate "2023.09.30"]
[SourceQuality "1"]

1. Nf3 Nf6 2. b3 g6 3. Bb2 Bg7 4. g3 0-0 5. Bg2 d5 6. c4 c6 7. 0-0 Bg4 8. d4 Bxf3 9. Bxf3 e6 10. Nc3 Nbd7 11. e3 a6 12. Bg2 Re8 13. Qe2 Qa5 14. Rfd1 Rad8 15. a3 Qb6 16. Qc2 h5 17. h3 Rc8 18. Rac1 Qd8 19. Qe2 Qb6 20. b4 Qd8 21. a4 Nb6 22. c5 Nc4 23. Ba1 b5 24. cxb6 Qxb6 25. Rb1 Nd7 26. Ne4 Nxe3 27. Nc5 Nxd1 28. Nxd7 Qd8 29. Nc5 Nxf2 30. Qxf2 e5 31. dxe5 Bxe5 32. Nxa6 Bxa1 33. Rxa1 Re5 34. Nc5 Rf5 35. Qe3 Qb6 36. Rb1 Qb8 37. a5 d4 38. Qd3 Re8 39. a6 Re3 40. Qxd4 Qxg3 41. a7 Qf2+ 42. Kh1 Rxh3+ 43. Bxh3 Qxd4 44. a8Q+ Kh7 45. Qxc6 Qh4 46. Rb3 Rf1+ 47. Kh2 Qf4+ 48. Rg3 Rf2+ 49. Bg2 h4 50. Ne4 hxg3+ 51. Kh3 Re2 52. Nf6+ Kg7 53. Ng4 Re7 54. Qc3+ f6 55. b5 Qf5 56. b6 Qh5+ 57. Kxg3 Qg5 58. b7 Qb5 59. Qxf6+ Kg8 60. Nh6+ Kh7 61. Qxe7+ Kxh6 62. Qf8+ Kg5 63. Qf4+ Kh5 64. Bf3# 1-0

[Event "TUR-chT 1st League"]
[Site "Denizli"]
[Date "2023.07.15"]
[Round "9.41"]
[White "Iskandarov, Misratdin"]
[Black "Koc, Suleyman Sarp"]
[Result "1-0"]
[WhiteElo "2551"]
[BlackElo "1995"]
[PlyCount "51"]
[EventDate "2023.07.09"]
[EventType "team-swiss"]
[EventRounds "9"]
[EventCountry "TUR"]
[SourceTitle "CBM 215 Extra"]
[Source "ChessBase"]
[SourceDate "2023.09.30"]
[SourceVersion "1"]
[SourceVersionDate "2023.09.30"]
[SourceQuality "1"]
[WhiteTeam "Guzelbahce Altyapi"]
[BlackTeam "Olbia Satranc"]
[WhiteTeamCountry "TUR"]
[BlackTeamCountry "TUR"]

1. e4 c6 2. Nf3 d5 3. e5 Bg4 4. d4 e6 5. Be2 Nd7 6. 0-0 c5 7. c4 Bxf3 8. Bxf3 cxd4 9. cxd5 Nxe5 10. dxe6 fxe6 11. Bxb7 Rb8 12. Qh5+ Ng6 13. Be4 N8e7 14. Nd2 Nf5 15. Nf3 Qc7 16. Ng5 Rb6 17. Bd2 Be7 18. Rac1 Qe5 19. f4 Bxg5 20. fxe5 Bxd2 21. Bxf5 Be3+ 22. Kh1 exf5 23. Rc8+ Kd7 24. Qxf5+ Re6 25. Rc7+ Kxc7 26. Qxe6 1-0

[Event "Cesme op-A 9th"]
[Site "Cesme"]
[Date "2023.06.19"]
[Round "1"]
[White "Iskandarov, Misratdin"]
[Black "Ozer, Omer Faruk"]
[Result "1-0"]
[WhiteElo "2563"]
[BlackElo "2360"]
[PlyCount "143"]
[EventDate "2023.06.19"]
[EventType "swiss"]
[EventRounds "9"]
[EventCountry "TUR"]
[SourceTitle "CBM 214 Extra"]
[Source "ChessBase"]
[SourceDate "2023.07.31"]
[SourceVersion "1"]
[SourceVersionDate "2023.07.31"]
[SourceQuality "1"]

1. e4 c5 2. Nf3 e6 3. Nc3 Nc6 4. Bb5 Nge7 5. d4 cxd4 6. Nxd4 Nxd4 7. Qxd4 a6 8. Be2 Nc6 9. Qe3 Qc7 10. Qg3 Qxg3 11. hxg3 b5 12. Be3 Bb7 13. a4 b4 14. Nb1 Bd6 15. Nd2 Bc7 16. Nb3 d6 17. a5 Ke7 18. Ra4 Bc8 19. f4 Bd7 20. Ra1 h6 21. Kf2 Bb8 22. Rhd1 Ba7 23. Rd2 Rhd8 24. Rad1 Be8 25. Bxa7 Rxa7 26. Ke3 f6 27. Ra1 Rc8 28. Nd4 Nd8 29. Rad1 Bf7 30. Ra1 Be8 31. g4 Bd7 32. Nb3 e5 33. g3 Be6 34. Nc1 Nc6 35. Nd3 Bc4 36. b3 Bb5 37. Nb2 Bxe2 38. Kxe2 Nd4+ 39. Rxd4 exd4 40. Nc4 Rb7 41. Rd1 Rb5 42. Rxd4 Rc6 43. Ne3 Ke6 44. Kd3 Rb7 45. Nd5 Rc5 46. Nxb4 Kd7 47. Nxa6 Rxa5 48. Nb4 Ra1 49. Kd2 Rg1 50. Nd5 Rg2+ 51. Kd3 Rxg3+ 52. Ne3 Ra7 53. e5 fxe5 54. fxe5 Ra6 55. Ke2 Rc6 56. Nc4 Rg2+ 57. Kd3 Rg1 58. Kd2 Rg2+ 59. Kc1 d5 60. Rxd5+ Kc7 61. Rd4 Rg6 62. Ne3 Rg3 63. Kd2 Rg5 64. Re4 Kd7 65. e6+ Ke8 66. c4 Ra5 67. Kc3 Ra1 68. b4 g6 69. Kd4 h5 70. gxh5 gxh5 71. Nd5 Rg6 72. b5 1-0

[Event "Dubai op-A 23rd"]
[Site "Dubai"]
[Date "2023.06.02"]
[Round "7"]
[White "Iskandarov, Misratdin"]
[Black "Chigaev, Maksim"]
[Result "0-1"]
[WhiteElo "2577"]
[BlackElo "2628"]
[PlyCount "62"]
[EventDate "2023.05.27"]
[EventType "swiss"]
[EventRounds "9"]
[EventCountry "UAE"]
[SourceTitle "CBM 214 Extra"]
[Source "ChessBase"]
[SourceDate "2023.07.31"]
[SourceVersion "1"]
[SourceVersionDate "2023.07.31"]
[SourceQuality "1"]

1. e4 c5 2. Nf3 Nc6 3. Bb5 g6 4. Bxc6 bxc6 5. d4 Bg7 6. dxc5 Qa5+ 7. Nbd2 Qxc5 8. 0-0 d6 9. Re1 Nf6 10. Nb3 Qb6 11. e5 dxe5 12. Nxe5 0-0 13. Qf3 Bb7 14. Be3 c5 15. Qh3 Rac8 16. Nd3 Ne4 17. f3 Nd6 18. Bf2 Bd4 19. Nxd4 cxd4 20. c3 Qb5 21. Ne5 Nf5 22. Rad1 f6 23. Nd3 dxc3 24. bxc3 Rfd8 25. Rxe7 h5 26. Bd4 Re8 27. a4 Qxa4 28. Ree1 Rxe1+ 29. Rxe1 Re8 30. Rf1 Nxd4 31. cxd4 Ba6 0-1

[Event "Dubai op-A 23rd"]
[Site "Dubai"]
[Date "2023.05.30"]
[Round "4"]
[White "Niemann, Hans Moke"]
[Black "Iskandarov, Misratdin"]
[Result "1-0"]
[WhiteElo "2708"]
[BlackElo "2577"]
[PlyCount "93"]
[EventDate "2023.05.27"]
[EventType "swiss"]
[EventRounds "9"]
[EventCountry "UAE"]
[SourceTitle "CBM 214 Extra"]
[Source "ChessBase"]
[SourceDate "2023.07.31"]
[SourceVersion "1"]
[SourceVersionDate "2023.07.31"]
[SourceQuality "1"]

1. d4 Nf6 2. c4 e6 3. Nf3 b6 4. g3 Ba6 5. b3 Bb4+ 6. Bd2 Be7 7. Nc3 0-0 8. e4 d5 9. cxd5 exd5 10. Bxa6 Nxa6 11. e5 Ne4 12. 0-0 c5 13. Qe2 Nxc3 14. Bxc3 Nc7 15. dxc5 bxc5 16. Ba5 Qd7 17. Rad1 Ne6 18. Qd3 Bd8 19. Be1 Bc7 20. Qxd5 Qxd5 21. Rxd5 Rfd8 22. Rd2 g5 23. h3 Kg7 24. Kg2 Kg6 25. Rxd8 Rxd8 26. Bd2 h5 27. g4 hxg4 28. hxg4 c4 29. bxc4 Rd3 30. Rh1 Ra3 31. Rh8 Rxa2 32. Bxg5 Nxg5 33. Rg8+ Kh7 34. Rxg5 Re2 35. Rf5 Kg8 36. Kf1 Re4 37. Rxf7 Kxf7 38. Ng5+ Kg6 39. Nxe4 Bxe5 40. Ke2 a5 41. Nc5 Bd6 42. Na4 Kg5 43. f3 Kf4 44. c5 Bc7 45. Nc3 Bd8 46. c6 Ke5 47. Nb5 1-0

[Event "Dubai op-A 23rd"]
[Site "Dubai"]
[Date "2023.05.28"]
[Round "2"]
[White "Matlakov, Maxim"]
[Black "Iskandarov, Misratdin"]
[Result "1-0"]
[WhiteElo "2662"]
[BlackElo "2577"]
[PlyCount "79"]
[EventDate "2023.05.27"]
[EventType "swiss"]
[EventRounds "9"]
[EventCountry "UAE"]
[SourceTitle "CBM 214 Extra"]
[Source "ChessBase"]
[SourceDate "2023.07.31"]
[SourceVersion "1"]
[SourceVersionDate "2023.07.31"]
[SourceQuality "1"]

1. Nf3 Nf6 2. c4 g6 3. Nc3 Bg7 4. e4 0-0 5. d4 d6 6. Be2 e5 7. 0-0 Nc6 8. d5 Ne7 9. b4 a5 10. bxa5 Rxa5 11. a4 Ne8 12. Be3 f5 13. c5 f4 14. Bd2 Rxc5 15. a5 Nf6 16. Bd3 Kh8 17. Re1 c6 18. dxc6 Nxc6 19. Na4 Rxa5 20. Bxa5 Qxa5 21. Qb3 Qc7 22. h3 Nd7 23. Rec1 Qd8 24. Bb5 Nd4 25. Nxd4 exd4 26. Bxd7 Bxd7 27. Nb6 Bc6 28. Ra8 Qxa8 29. Nxa8 Rxa8 30. f3 Be5 31. Qf7 Rd8 32. Kh2 Rc8 33. h4 Rd8 34. Ra1 Rc8 35. Ra5 Re8 36. Kg1 d3 37. Ra3 d2 38. Rd3 Bc3 39. Rxd6 Ra8 40. Kh2 1-0

[Event "Sharjah Masters 6th"]
[Site "Sharjah"]
[Date "2023.05.22"]
[Round "6"]
[White "Petkov, Momchil"]
[Black "Iskandarov, Misratdin"]
[Result "1/2-1/2"]
[WhiteElo "2522"]
[BlackElo "2577"]
[PlyCount "33"]
[EventDate "2023.05.17"]
[EventType "swiss"]
[EventRounds "9"]
[EventCountry "UAE"]
[SourceTitle "CBM 215"]
[Source "ChessBase"]
[SourceDate "2023.08.31"]
[SourceVersion "1"]
[SourceVersionDate "2023.08.31"]
[SourceQuality "1"]

1. d4 Nf6 2. c4 e6 3. Nc3 Bb4 4. Nf3 0-0 5. Bg5 d5 6. e3 c5 7. cxd5 exd5 8. Bd3 cxd4 9. Nxd4 Nc6 10. 0-0 Nxd4 11. exd4 Be6 12. Rc1 Be7 13. Nb5 h6 14. Bf4 Ne8 15. Nc7 Nxc7 16. Rxc7 Rb8 17. Qb3 1/2-1/2

[Event "Sharjah Masters 6th"]
[Site "Sharjah"]
[Date "2023.05.21"]
[Round "5"]
[White "Iskandarov, Misratdin"]
[Black "Mishra, Abhimanyu"]
[Result "0-1"]
[WhiteElo "2577"]
[BlackElo "2550"]
[PlyCount "118"]
[EventDate "2023.05.17"]
[EventType "swiss"]
[EventRounds "9"]
[EventCountry "UAE"]
[SourceTitle "CBM 215"]
[Source "ChessBase"]
[SourceDate "2023.08.31"]
[SourceVersion "1"]
[SourceVersionDate "2023.08.31"]
[SourceQuality "1"]

1. c4 c6 2. Nf3 d5 3. g3 Nf6 4. Bg2 dxc4 5. 0-0 Nbd7 6. Qc2 Nb6 7. a4 a5 8. Na3 g6 9. Nxc4 Nxc4 10. Qxc4 Bg7 11. e4 0-0 12. d3 b6 13. Rd1 Ba6 14. Qc2 c5 15. Bf4 Rc8 16. Bh3 e6 17. Qb3 Nd7 18. d4 cxd4 19. Bg5 Nc5 20. Qa3 Qd7 21. e5 d3 22. Bg2 Bb7 23. Bf4 Rfd8 24. b4 Ne4 25. bxa5 bxa5 26. Ne1 Rc3 27. Qb2 Qc7 28. Rac1 Bxe5 29. Bxe5 Qxe5 30. Qxb7 Rxc1 31. Rxc1 d2 32. Rd1 Nc5 33. Qb1 Rb8 34. Qa1 dxe1R+ 35. Rxe1 Qxa1 36. Rxa1 Rb2 37. Bc6 Nd3 38. f4 Nb4 39. Bb5 Rc2 40. Rd1 Nd5 41. Bd3 Rb2 42. Be4 Nc3 43. Rd8+ Kg7 44. Bc6 h6 45. Ra8 Ne2+ 46. Kf1 Nd4 47. Be8 Nf5 48. Ra7 Nd6 49. Bc6 Rxh2 50. Rxa5 Rc2 51. Bf3 h5 52. Ke1 Ra2 53. Ra7 Nf5 54. Bc6 Kf6 55. a5 Nxg3 56. Be8 Ra1+ 57. Kd2 Ne4+ 58. Kc2 Nd6 59. Kb2 Rxa5 0-1

[Event "Baku op"]
[Site "Baku"]
[Date "2023.05.12"]
[Round "9"]
[White "Kushko, Dmitriy"]
[Black "Iskandarov, Misratdin"]
[Result "1/2-1/2"]
[WhiteElo "2379"]
[BlackElo "2592"]
[PlyCount "109"]
[EventDate "2023.05.04"]
[EventType "swiss"]
[EventRounds "9"]
[EventCountry "AZE"]
[SourceTitle "CBM 214 Extra"]
[Source "ChessBase"]
[SourceDate "2023.07.31"]
[SourceVersion "1"]
[SourceVersionDate "2023.07.31"]
[SourceQuality "1"]

1. d4 Nf6 2. Nf3 c5 3. e3 g6 4. Be2 Bg7 5. 0-0 b6 6. c4 0-0 7. Nc3 d6 8. b3 Bb7 9. Bb2 a6 10. Qc2 cxd4 11. Nxd4 e5 12. Nf3 e4 13. Nd4 Nbd7 14. Rfd1 Ne5 15. Rd2 Rc8 16. Qd1 Nfd7 17. Nc2 Qg5 18. Ne1 Nc5 19. Nd5 b5 20. Rc1 bxc4 21. Bxe5 Qxe5 22. Bxc4 a5 23. Nf4 Rc7 24. Nd5 Rcc8 25. Nf4 Bh6 26. g3 Rfd8 27. Bd5 Ba6 28. Bc4 Bxc4 29. Rxc4 Bg7 30. h4 Qe7 31. a3 Ra8 32. Qc2 Qb7 33. b4 axb4 34. axb4 Nd7 35. Rxd6 Be5 36. Rd1 Nf6 37. Rxd8+ Rxd8 38. Ne2 Kg7 39. Nd4 Bxd4 40. Rxd4 Rxd4 41. exd4 Qxb4 42. Qd1 Nd5 43. Nc2 Qc3 44. Kf1 Qb3 45. Qd2 Qb1+ 46. Kg2 Qa2 47. Qg5 f6 48. Qc1 h5 49. Ne3 Nxe3+ 50. Qxe3 Qd5 51. Kg1 g5 52. hxg5 fxg5 53. Qc3 Kg6 54. Qc8 Qxd4 55. Qe6+ 1/2-1/2

[Event "Baku op"]
[Site "Baku"]
[Date "2023.05.11"]
[Round "8"]
[White "Iskandarov, Misratdin"]
[Black "Petriashvili, Nikoloz"]
[Result "1-0"]
[WhiteElo "2592"]
[BlackElo "2432"]
[PlyCount "137"]
[EventDate "2023.05.04"]
[EventType "swiss"]
[EventRounds "9"]
[EventCountry "AZE"]
[SourceTitle "CBM 214 Extra"]
[Source "ChessBase"]
[SourceDate "2023.07.31"]
[SourceVersion "1"]
[SourceVersionDate "2023.07.31"]
[SourceQuality "1"]

1. e4 e5 2. Nf3 Nc6 3. Bb5 a6 4. Ba4 Nf6 5. d3 Bc5 6. Bxc6 dxc6 7. 0-0 Qe7 8. Nbd2 Bg4 9. Nc4 Nd7 10. Be3 Bd6 11. c3 0-0 12. h3 Bxf3 13. Qxf3 Bc5 14. d4 exd4 15. cxd4 Ba7 16. Rfe1 Nf6 17. Bg5 h6 18. Bh4 Qe6 19. Bxf6 Qxf6 20. Qxf6 gxf6 21. Rad1 Rad8 22. d5 cxd5 23. exd5 Rfe8 24. Rxe8+ Rxe8 25. Kf1 Bc5 26. Rd3 b5 27. Nd2 a5 28. Rb3 b4 29. Rf3 Kg7 30. b3 Ra8 31. Ne4 Be7 32. Ng3 Kg6 33. Nf5 Bd6 34. Nh4+ Kg7 35. Ke2 Bf8 36. Kd3 a4 37. Nf5+ Kg6 38. Ne3 axb3 39. axb3 Ra1 40. Rg3+ Kh7 41. Ng4 Bg7 42. Rf3 Kg6 43. Kc4 h5 44. Ne3 Bf8 45. Kb5 Rc1 46. Rg3+ Kh7 47. Nc4 h4 48. Rg4 f5 49. Rxh4+ Kg6 50. Rf4 Rd1 51. Kc6 Bh6 52. Ne5+ Kf6 53. Nd7+ Ke7 54. Rxb4 Rd2 55. g3 f4 56. Kxc7 f5 57. Nb6 f3 58. d6+ Ke6 59. d7 Bg5 60. Rc4 Rxf2 61. Rc6+ Kf7 62. h4 Be7 63. Rc3 Rf1 64. Nc4 f2 65. Rf3 Kg7 66. Rxf5 Rg1 67. Rxf2 Rxg3 68. Re2 Bxh4 69. Re3 1-0

[Event "Baku op"]
[Site "Baku"]
[Date "2023.05.09"]
[Round "6"]
[White "Iskandarov, Misratdin"]
[Black "Aradhya, Garg"]
[Result "1/2-1/2"]
[WhiteElo "2592"]
[BlackElo "2305"]
[PlyCount "80"]
[EventDate "2023.05.04"]
[EventType "swiss"]
[EventRounds "9"]
[EventCountry "AZE"]
[SourceTitle "CBM 214 Extra"]
[Source "ChessBase"]
[SourceDate "2023.07.31"]
[SourceVersion "1"]
[SourceVersionDate "2023.07.31"]
[SourceQuality "1"]

1. c4 c6 2. Nf3 d5 3. g3 g6 4. Bg2 Bg7 5. 0-0 Nf6 6. d4 0-0 7. Qb3 a5 8. cxd5 a4 9. Qd1 cxd5 10. Nc3 Qa5 11. Bd2 Nc6 12. Ne5 Qa6 13. Bf4 e6 14. Rc1 Nxe5 15. Bxe5 Bd7 16. Qd2 Bc6 17. a3 Rfc8 18. Na2 Bb5 19. Nb4 Qb6 20. Rfe1 Ne4 21. Bxe4 Bxe5 22. dxe5 dxe4 23. e3 Kg7 24. Kg2 Bd3 25. Kg1 Bb5 26. h3 h5 27. Rc3 h4 28. Qd4 Qxd4 29. exd4 Rxc3 30. bxc3 hxg3 31. fxg3 Rc8 32. Rc1 e3 33. Kg2 Bc6+ 34. Nxc6 Rxc6 35. Kf3 Rb6 36. Kxe3 Rb3 37. Kd3 b5 38. Kc2 Rxa3 39. Rb1 Ra2+ 40. Kd3 Rg2 1/2-1/2